书目信息 |
| 题名: |
调查研究的故事
|
|
| 作者: | 河北人民出版社 选编 | |
| 分册: | ||
| 出版信息: | 石家庄 河北人民出版社 1984.6 |
|
| 页数: | 186页 | |
| 开本: | ||
| 丛书名: | ||
| 单 册: | ||
| 中图分类: | I242.7 | |
| 科图分类: | ||
| 主题词: | 小说--中国 | |
| 电子资源: | ||
| ISBN: | ||
| 000 | 00606nam0 2200205 45 | |
| 001 | 0312221749 | |
| 005 | 20031222171022.0 | |
| 010 | @dCNY0.56 | |
| 100 | @a20031222d1984 km y0chiy0120 ea | |
| 101 | @achi | |
| 105 | @a z 000yy | |
| 200 | 1 | @a调查研究的故事@ADiao Cha Yan Jiu De Gu Shi@f河北人民出版社选编@FHe Bei Ren Min Chu Ban She Xuan Bian |
| 205 | @a第二版 | |
| 210 | @a石家庄@c河北人民出版社@d1984.6 | |
| 215 | @a186页@c插图:画?d19cm | |
| 606 | 0 | @a小说@x中国 |
| 690 | @aI242.7@v3 | |
| 701 | 0 | @a河北人民出版社@4选编 |
| 801 | @aCN@bTSTCL@c20031222 | |
| 905 | @a213230@dI242.7@e12@b115047-051@f5 | |
| 调查研究的故事/河北人民出版社选编.-第二版.-石家庄:河北人民出版社,1984.6 |
| 186页:插图:画?d19cm |
| ISBN :CNY0.56 |
| ● |
| 相关链接 |
|
|
|
|
正题名:调查研究的故事
索取号:I242.7/12
 
预约/预借
| 序号 | 登录号 | 条形码 | 馆藏地/架位号 | 状态 | 备注 |
| 1 | 0115047 | 000106959 | 第二借阅区/ [索取号:I242.7/12] | 在馆 | |
| 2 | 0115048 | 001730363 | 密集书库/ [索取号:I242.7/12] | 在馆 | |
| 3 | 0115050 | 001730407 | 密集书库/ [索取号:I242.7/12] | 在馆 | |
| 4 | 0115051 | 000106940 | 第一样本阅览室/ [索取号:I242.7/12] | 在馆 |